000 00941cam a22002651 4500
001 28967
003 BD-RjUL
005 20211209051343.0
008 750718s1948 enk 000 0 eng
035 _a(BD-RjUL)29051
035 _a(OCoLC)1459968
040 _aDLC
_cFJ
_dOCoLC
_dDLC
_dBD-RjUL
_beng
041 _aeng
082 0 4 _a649.1
_bIST 1948
100 1 _aIsaacs, Susan Sutherland Fairhurst,
_d1885-1948.
_988498
245 1 0 _aTroubles of children and parents /
_cSusan Sutherland Fairhurst Isaacs.
260 _aLondon :
_bMethuen,
_c1948.
300 _axiv, 238 p. ;
_c19 cm.
500 _a"Selected from ... actual letters from parents and nurses which I answered under the pseudonym of ʻUrsula Wise' in the Nursery world ... during the years 1929-36."
500 _a"References for further reading" : p. [237]-238.
650 0 _aChild rearing.
_916818
942 _2ddc
_cBK
999 _c28967
_d28967